000 00526nam a2200169 i 4500
001 65722
003 ES-MaACL
005 20230906165445.0
007 t|
008 040121s1961 sp ||||1| spa d
100 1 _aFromont, Pierre.
_952732
245 1 0 _aEconomía agrícola /
_cPierre Fromont ; traducción del francés y prólogo por Ramiro Campos Nordmann.
260 _aMadrid :
_bAguilar,
_c1961.
300 _aXV, 480 p. ;
_c24 cm.
700 1 _aCampos Nordmann, Ramiro.
_934281
852 _aES-MaACL
_jC-20810
_bR.49319
999 _c65722
_d65722